| 000 -LEADER |
| fixed length control field |
00748nam a2200229Ia 4500 |
| 001 - CONTROL NUMBER |
| control field |
18568 |
| 003 - CONTROL NUMBER IDENTIFIER |
| control field |
GE_BSU |
| 008 - FIXED-LENGTH DATA ELEMENTS--GENERAL INFORMATION |
| fixed length control field |
181216s||||||||xx |||||||||||||| ||und|| |
| 020 ## - INTERNATIONAL STANDARD BOOK NUMBER |
| International Standard Book Number |
9781442223752 (pbk, alk. paper) |
| 040 ## - CATALOGING SOURCE |
| Transcribing agency |
GE_BSU |
| 080 ## - UNIVERSAL DECIMAL CLASSIFICATION NUMBER |
| Universal Decimal Classification number |
327.1 |
| 100 ## - MAIN ENTRY--PERSONAL NAME |
| Personal name |
Burns, Richard Dean,and Philip E. Coyle III. |
| 245 #4 - TITLE STATEMENT |
| Title |
The challenges of nuclear non-proliferation |
| 260 ## - PUBLICATION, DISTRIBUTION, ETC. |
| Place of publication, distribution, etc. |
Lanham, Maryland |
| 260 ## - PUBLICATION, DISTRIBUTION, ETC. |
| Name of publisher, distributor, etc. |
Rowman & Littlefield |
| 260 ## - PUBLICATION, DISTRIBUTION, ETC. |
| Date of publication, distribution, etc. |
2015 |
| 300 ## - PHYSICAL DESCRIPTION |
| Extent |
xvi, 238 pages : illustrations ; 24 cm. |
| 653 ## - INDEX TERM--UNCONTROLLED |
| Uncontrolled term |
Nuclear nonproliferation. Nuclear nonproliferation--International cooperation. Nuclear-weapon-free zones. |
| 653 ## - INDEX TERM--UNCONTROLLED |
| Uncontrolled term |
The challenges of nuclear non-proliferation |
| 653 ## - INDEX TERM--UNCONTROLLED |
| Uncontrolled term |
პოლიტიკა |
| 942 ## - ADDED ENTRY ELEMENTS (KOHA) |
| Koha item type |
წიგნი |